LEADER 01452nam a2200265 u 4500 001 000000038184 003 CaOOAMICUS 005 20070226113841.0 008 980421s1979 it u000 u ita u 035 $a10791366 040 $aPUL(R)$bita 100 1 $aCicconetti, Stefano Maria.$0(OLS)http://pul/name/26667 245 10$aRegolamenti parlamentari e giudizio di costituzionalitą nel diritto italiano e comparato (Stati Uniti, Germania federale, Italia) /$cStefano Maria Cicconetti. 260 $aPadova :$bCEDAM,$c1979. 300 $a194 p. : ;$c24 cm 490 1 $aPubblicazioni dell'Istituto di diritto pubblico della Facoltą di giurisprudenza / Universitą degli studi di Roma.$aSerie 3 ;$v33 504 $aContiene bibliografia. 650 4$aDiritto comparato.$0(OLS)http://pul/subject/489 830 0$aPubblicazioni dell'Istituto di diritto pubblico della Facoltą di giurisprudenza (Universitą degli studi di Roma "La Sapienza").$nSerie 3 ;$v33.$0(OLS)http://pul/title/64625 850 $aPUL 852 $aPUL$W1$xSL Diritto e Scienze Sociali 1$y4$m175 E 55$j52078$nBK-PRI$b $qStampati$B52078$CPULBib$Z2$F52078 $H $81 941 1 $a8 961 $aINV: 47066 996 $6245$aRegolamenti parlamentari e giudizio di costituzionalitą nel diritto italiano e comparato (Stati Uniti, Germania federale, Italia)$9(OLS)http://pul/title/51898 996 $6260$aPadova :$bCEDAM$9(OLS)http://pul/publisher/48126 LEADER 01578nam a2200361 a 4500 001 000000171626 003 CaOOAMICUS 005 20190320110132.0 008 190320s2019 it u000 u ita r 020 $a978-88-9317-950-8* 032 $aLibriCat 040 $aPUL$bita 082 $a343.45 110 1 $aItalia.$0(OLS)http://pul/name/1188 240 10$aCodice tributario (2019).$0(OLS)http://pul/title/212431 245 10$aCodice tributario : $baggiornato con la legge di bilancio 2019 (L.30 dicembre 2018, n.145) /$cGiuseppe Di Dio, Attilio Pezzinga. 250 $a65. ed. 260 $aPiacenza :$bLa tribuna,$c©2019. 300 $a2519 p.;$c19 cm 490 1 $aI codici vigenti 2019 500 $aTesto su due colonne. 650 4$aDiritto tributario$zItalia.$0(OLS)http://pul/subject/18167 700 1 $aDi Dio, Giuseppe,$d1961-$0(OLS)http://pul/name/45471 700 1 $aPezzinga, Attilio.$0(OLS)http://pul/name/45472 830 2$aI Codici vigenti 2019.$0(OLS)http://pul/title/212320 850 $aPUL 852 $aPUL$W1$xDP2 Diritto e Scienze Sociali 3$y110$m348. 45 COD 3.1.140$j195421$qDDC 21$B200282$CPULBib$Z2$F200282 $H132484 $82 941 1 $a9 996 $6020$a978-88-9317-950-8*$9(OLS)http://pul/number/165854 996 $6082$a343.45$9(OLS)http://pul/classification/467 996 $6245$aCodice tributario : $baggiornato con la legge di bilancio 2019 (L.30 dicembre 2018, n.145)$9(OLS)http://pul/title/212433 996 $6260$aPiacenza :$bLa tribuna$9(OLS)http://pul/publisher/62750